00371 a2200121 450000500170000002000180001708200210003510000170005624500650007325000120013826000470015030000520019720250507092944.0 a81-219-2840-0 aLECT 330.024 AHU aAHUJA, H. L. aManagerial Economics: Analysis of Managerial Decision Making a6th Ed. aNew Delhi,bS. Chand & Company Ltd,c2007. axvi, 1064p.: ill.; figure, graph, table.c24cm.